| 000 | 01222namaa2200349 i 4500 | ||
|---|---|---|---|
| 003 | EG-GICUC | ||
| 005 | 20260214115743.0 | ||
| 008 | 260214s1997 wiuab||gr|||| 000 0 eng d | ||
| 020 |
_a0299157342 _qpbk. : alk. paper |
||
| 020 |
_a9780299157340 _q(pbk. : alk. paper) |
||
| 040 |
_aEG-GiCUC _beng _cEG-GiCUC _dEG-GiCUC _erda |
||
| 043 | _an-us--- | ||
| 082 | 0 | 4 |
_221 _a973.0492756920922 _bA148 1997 |
| 092 | 0 | 4 |
_221 _a973.0492756920922 _bA148 1997 |
| 099 | _a973.0492756920922 A148 1997 | ||
| 100 | 1 |
_aAbinader, Elmaz _eAuthor. |
|
| 245 | 1 | 0 |
_aChildren of the roojme : _ba family's journey from Lebanon / _cElmaz Abinader. |
| 264 |
_aMadison, Wis. : _bUniversity of Wisconsin Press, _c1997. |
||
| 300 |
_a303 pages : _bIllustrations, maps ; _c22 cm |
||
| 336 |
_2rdacontent _atext |
||
| 337 |
_2rdamedia _aUnmediated |
||
| 338 |
_2rdacarrier _avolume |
||
| 500 | _a"First published in 1991 by W.W. Norton and Company, Inc."--T.p. verso. | ||
| 504 | _a. | ||
| 541 |
_aDr. Jabir Usfour ; _bCairo ; _cGift ; _d2024. |
||
| 600 | 3 | 0 | _aAbinader family. |
| 600 | 1 | 0 |
_aAbinader, Elmaz _xFamily. |
| 650 | 1 |
_aLebanese Americans _vBiography. _2qrmak |
|
| 651 | 1 | _2qrmak | |
| 905 | _aAsmaa | ||
| 942 |
_2ddc _cBK _e21 _n0 |
||
| 999 |
_c178437 _d178437 |
||